[Event "Kupreichik Memorial Rapid 2019"]
[Site "Minsk"]
[Date "2019.08.16"]
[Round "7.18"]
[White "Kameko, Aleksandr"]
[Black "Shaban, Alena"]
[Result "1-0"]
[WhiteElo "2045"]
[BlackElo "2030"]
[Annotator "NA"]
[PlyCount "83"]
[EventDate "2019.08.15"]
[EventType "swiss"]
[EventCountry "BLR"]
[SourceTitle "playchess.com"]
[Source "ChessBase"]
[SourceQuality "1"]
[TimeControl "900+10"]

1. e4 {[%emt 0:00:00]} Nf6 {[%emt 0:00:00]} 2. e5 {[%emt 0:00:00]} Nd5 {[%emt 0:00:00]} 3. d4 {[%emt 0:00:00]} d6 {[%emt 0:00:00]} 4. Nf3 {[%emt 0:00:00]} g6 {[%emt 0:00:00]} 5. h3 {[%emt 0:00:04]} Bg7 {[%emt 0:00:00]} 6. Be2 {[%emt 0:00:10]} O-O {[%emt 0:00:02]} 7. O-O {[%emt 0:00:02]} Nc6 {[%emt 0:00:33]} 8. c4 {[%emt 0:00:14]} Nb6 {[%emt 0:00:02]} 9. exd6 {[%emt 0:00:06]} cxd6 {[%emt 0:00:03]} 10. Nc3 {[%emt 0:00:15]} Bf5 {[%emt 0:02:38]} 11. Be3 {[%emt 0:00:05]} d5 {[%emt 0:00:02]} 12. b3 {[%emt 0:00:46]} h6 {[%emt 0:00:53]} 13. Rc1 {[%emt 0:00:10]} g5 {[%emt 0:00:03]} 14. Qd2 {[%emt 0:00:33]} Be4 {[%emt 0:00:29]} 15. c5 {[%emt 0:00:37]} Nc8 {[%emt 0:00:07]} 16. Rfd1 {[%emt 0:00:26]} e6 {[%emt 0:00:00]} 17. b4 {[%emt 0:01:40]} Nxb4 {[%emt 0:01:16]} 18. Nxe4 dxe4 {[%emt 0:00:01]} 19. Qxb4 {[%emt 0:00:05]} exf3 20. Bxf3 {[%emt 0:00:02]} Rb8 {[%emt 0:00:09]} 21. d5 {[%emt 0:00:24]} exd5 {[%emt 0:00:42]} 22. Rxd5 {[%emt 0:00:54]} a5 {[%emt 0:03:20]} 23. Qg4 {[%emt 0:01:02]} Qe8 {[%emt 0:03:12]} 24. Bxg5 {[%emt 0:03:19]} f5 {[%emt 0:00:02]} 25. Qg3 {[%emt 0:00:02]} Ne7 {[%emt 0:00:57]} 26. Bxh6 {[%emt 0:00:36]} Qg6 {[%emt 0:02:48]} 27. Qxg6 {[%emt 0:00:22]} Nxg6 {[%emt 0:00:01]} 28. Bxg7 {[%emt 0:00:04]} Kxg7 {[%emt 0:00:01]} 29. Rd7+ {[%emt 0:01:33]} Kf6 {[%emt 0:00:30]} 30. Rxb7 {[%emt 0:00:14]} Ne5 {[%emt 0:00:53]} 31. Rxb8 {[%emt 0:01:08]} Rxb8 {[%emt 0:00:01]} 32. c6 {[%emt 0:00:35]} Nxf3+ {[%emt 0:00:58]} 33. gxf3 {[%emt 0:00:01]} Ke5 {[%emt 0:00:05]} 34. c7 {[%emt 0:00:02]} Rc8 {[%emt 0:00:01]} 35. Kg2 {[%emt 0:00:05]} Kf4 {[%emt 0:00:01]} 36. Rc4+ {[%emt 0:00:03]} Kg5 {[%emt 0:00:06]} 37. h4+ {[%emt 0:00:08]} Kh5 {[%emt 0:00:01]} 38. Kh3 {[%emt 0:00:05]} Kg6 {[%emt 0:00:27]} 39. a4 {[%emt 0:00:10]} Kh5 {[%emt 0:00:02]} 40. Rc6 {[%emt 0:00:11]} f4 {[%emt 0:00:09]} 41. Rc5+ {[%emt 0:00:01]} Kh6 {[%emt 0:00:02]} 42. Kg4 {[%emt 0:00:02]} 1-0

[Event "Kupreichik Memorial Rapid 2019"]
[Site "Minsk"]
[Date "2019.08.16"]
[Round "7.19"]
[White "Spizharny, Mikhail"]
[Black "Siniauski, Artsiom"]
[Result "1-0"]
[WhiteElo "2079"]
[BlackElo "2142"]
[Annotator "NA"]
[PlyCount "105"]
[EventDate "2019.08.15"]
[EventType "swiss"]
[EventCountry "BLR"]
[SourceTitle "playchess.com"]
[Source "ChessBase"]
[SourceQuality "1"]
[TimeControl "900+10"]

1. e4 {[%emt 0:00:00]} e6 {[%emt 0:00:00]} 2. d4 {[%emt 0:00:00]} d5 {[%emt 0:00:00]} 3. Nc3 {[%emt 0:00:00]} Nf6 {[%emt 0:00:00]} 4. e5 {[%emt 0:00:00]} Nfd7 {[%emt 0:00:00]} 5. f4 {[%emt 0:00:00]} c5 {[%emt 0:00:00]} 6. Nf3 {[%emt 0:00:00]} Nc6 {[%emt 0:00:00]} 7. Be3 {[%emt 0:00:00]} cxd4 {[%emt 0:00:03]} 8. Nxd4 {[%emt 0:00:02]} Bc5 {[%emt 0:00:05]} 9. Qd2 {[%emt 0:00:09]} O-O {[%emt 0:00:19]} 10. O-O-O {[%emt 0:00:34]} a6 {[%emt 0:00:02]} 11. Nb3 {[%emt 0:03:24]} Bb4 {[%emt 0:00:12]} 12. Bd3 {[%emt 0:00:50]} a5 {[%emt 0:00:21]} 13. a3 {[%emt 0:00:52]} a4 {[%emt 0:00:44]} 14. Nd4 {[%emt 0:00:41]} Nxd4 {[%emt 0:00:51]} 15. axb4 {[%emt 0:01:31]} Nc6 {[%emt 0:00:50]} 16. Nb5 {[%emt 0:00:35]} f6 {[%emt 0:03:35]} 17. exf6 {[%emt 0:01:30]} Nxf6 {[%emt 0:01:26]} 18. Nd4 {[%emt 0:00:43]} Qc7 {[%emt 0:02:13]} 19. g3 {[%emt 0:02:06]} Bd7 {[%emt 0:00:46]} 20. Nb5 {[%emt 0:01:40]} Qb8 {[%emt 0:01:35]} 21. Bc5 {[%emt 0:00:23]} Rd8 {[%emt 0:00:06]} 22. Bb6 {[%emt 0:00:56]} Rc8 {[%emt 0:00:31]} 23. Rhe1 {[%emt 0:00:10]} Nd8 {[%emt 0:02:43]} 24. Nd4 {[%emt 0:00:43]} Qd6 {[%emt 0:01:13]} 25. Bc5 {[%emt 0:00:14]} Qc7 {[%emt 0:00:01]} 26. Be7 {[%emt 0:00:06]} Qb6 {[%emt 0:00:42]} 27. Qe3 {[%emt 0:01:49]} Kf7 {[%emt 0:00:29]} 28. Bc5 {[%emt 0:00:26]} Qc7 {[%emt 0:00:07]} 29. Nf3 {[%emt 0:00:02]} a3 {[%emt 0:00:13]} 30. bxa3 {[%emt 0:00:20]} b6 {[%emt 0:00:08]} 31. Bd4 {[%emt 0:00:11]} Rxa3 {[%emt 0:00:18]} 32. Kb2 {[%emt 0:00:07]} Rca8 {[%emt 0:00:09]} 33. Ra1 {[%emt 0:00:04]} Qa7 {[%emt 0:00:29]} 34. Bg6+ {[%emt 0:00:13]} hxg6 {[%emt 0:00:15]} 35. Rxa3 {[%emt 0:00:01]} Qxa3+ {[%emt 0:00:13]} 36. Qxa3 {[%emt 0:00:01]} Rxa3 {[%emt 0:00:01]} 37. Kxa3 {[%emt 0:00:02]} b5 {[%emt 0:00:02]} 38. Ne5+ {[%emt 0:00:10]} Ke8 {[%emt 0:00:00]} 39. Nxg6 {[%emt 0:00:28]} Nc6 {[%emt 0:00:01]} 40. c3 {[%emt 0:00:05]} Ne4 {[%emt 0:00:18]} 41. Bxg7 {[%emt 0:00:23]} Kf7 {[%emt 0:00:14]} 42. Ne5+ {[%emt 0:00:01]} Kxg7 {[%emt 0:00:01]} 43. Nxd7 {[%emt 0:00:02]} Nxc3 {[%emt 0:00:39]} 44. Rxe6 {[%emt 0:00:06]} Nd4 {[%emt 0:00:00]} 45. Re7+ {[%emt 0:00:07]} Kh6 {[%emt 0:00:06]} 46. Ne5 {[%emt 0:00:15]} Ne4 {[%emt 0:00:16]} 47. g4 {[%emt 0:00:19]} Nc2+ {[%emt 0:00:16]} 48. Kb2 {[%emt 0:00:11]} Nxb4 {[%emt 0:00:04]} 49. g5+ {[%emt 0:00:03]} Nxg5 {[%emt 0:00:10]} 50. fxg5+ {[%emt 0:00:02]} Kxg5 {[%emt 0:00:01]} 51. Rb7 {[%emt 0:00:11]} Kf4 {[%emt 0:00:20]} 52. Rxb5 {[%emt 0:00:06]} Na6 {[%emt 0:00:02]} 53. Nd3+ {[%emt 0:00:05]} 1-0

[Event "Kupreichik Memorial Rapid 2019"]
[Site "Minsk"]
[Date "2019.08.16"]
[Round "7.20"]
[White "Tyurin, Artem"]
[Black "Mochalov, Evgeny V"]
[Result "0-1"]
[WhiteElo "2057"]
[BlackElo "2374"]
[Annotator "NA"]
[PlyCount "80"]
[EventDate "2019.08.15"]
[EventType "swiss"]
[EventCountry "BLR"]
[SourceTitle "playchess.com"]
[Source "ChessBase"]
[SourceQuality "1"]
[TimeControl "900+10"]

1. c4 {[%emt 0:00:00]} c5 {[%emt 0:00:05]} 2. Nc3 {[%emt 0:00:00]} g6 {[%emt 0:00:01]} 3. Nf3 {[%emt 0:00:01]} Bg7 {[%emt 0:00:02]} 4. e3 {[%emt 0:00:03]} Nf6 {[%emt 0:00:02]} 5. d4 {[%emt 0:00:02]} O-O {[%emt 0:00:11]} 6. Bd3 {[%emt 0:00:11]} cxd4 {[%emt 0:01:31]} 7. exd4 {[%emt 0:00:06]} d5 {[%emt 0:00:10]} 8. h3 {[%emt 0:00:48]} Nc6 {[%emt 0:01:55]} 9. O-O {[%emt 0:00:09]} dxc4 {[%emt 0:02:27]} 10. Bxc4 {[%emt 0:00:02]} Na5 {[%emt 0:00:07]} 11. Bd3 {[%emt 0:00:33]} Be6 {[%emt 0:00:23]} 12. Re1 {[%emt 0:00:10]} Bc4 {[%emt 0:00:36]} 13. Bxc4 {[%emt 0:01:00]} Nxc4 {[%emt 0:00:02]} 14. Qe2 {[%emt 0:00:01]} Rc8 {[%emt 0:02:49]} 15. Bf4 {[%emt 0:03:34]} e6 {[%emt 0:00:43]} 16. Be5 {[%emt 0:03:41]} Qb6 {[%emt 0:02:24]} 17. Rab1 {[%emt 0:01:16]} Rfd8 {[%emt 0:00:40]} 18. Na4 {[%emt 0:01:52]} Qb4 {[%emt 0:00:33]} 19. Nc3 {[%emt 0:00:56]} Nxe5 {[%emt 0:00:52]} 20. dxe5 {[%emt 0:00:09]} Nd5 {[%emt 0:00:19]} 21. Nxd5 {[%emt 0:00:52]} Rxd5 {[%emt 0:00:02]} 22. Rbc1 {[%emt 0:00:46]} Rdc5 {[%emt 0:00:55]} 23. Rxc5 {[%emt 0:00:27]} Qxc5 {[%emt 0:00:05]} 24. Qe4 {[%emt 0:00:11]} Qc6 {[%emt 0:00:40]} 25. Qf4 {[%emt 0:00:15]} h6 {[%emt 0:00:11]} 26. Rd1 {[%emt 0:00:28]} g5 {[%emt 0:00:27]} 27. Qe3 {[%emt 0:00:23]} Qc2 {[%emt 0:00:31]} 28. Qd4 {[%emt 0:00:30]} Bf8 {[%emt 0:00:11]} 29. Rf1 {[%emt 0:00:53]} b6 {[%emt 0:00:19]} 30. Nd2 {[%emt 0:00:27]} Qc5 {[%emt 0:00:23]} 31. Qxc5 {[%emt 0:00:12]} Rxc5 {[%emt 0:00:06]} 32. Re1 {[%emt 0:00:07]} Bg7 {[%emt 0:00:10]} 33. Nf3 {[%emt 0:00:08]} Rc2 {[%emt 0:00:05]} 34. Rd1 {[%emt 0:00:09]} Bf8 {[%emt 0:00:11]} 35. Nd2 {[%emt 0:00:13]} Rxb2 {[%emt 0:00:05]} 36. Ne4 {[%emt 0:00:02]} Bg7 {[%emt 0:00:18]} 37. Rd8+ {[%emt 0:00:03]} Kh7 {[%emt 0:00:01]} 38. Rd7 {[%emt 0:00:03]} Bxe5 {[%emt 0:00:08]} 39. Rxf7+ {[%emt 0:00:04]} Kg6 {[%emt 0:00:00]} 40. Rxa7 {[%emt 0:00:02]} Rb1# {[%emt 0:00:02]} 0-1

[Event "Kupreichik Memorial Rapid 2019"]
[Site "Minsk"]
[Date "2019.08.16"]
[Round "7.21"]
[White "Leinov, Roman"]
[Black "Zverev, Lev"]
[Result "1/2-1/2"]
[WhiteElo "2189"]
[BlackElo "1881"]
[Annotator "NA"]
[PlyCount "94"]
[EventDate "2019.08.15"]
[EventType "swiss"]
[EventCountry "BLR"]
[SourceTitle "playchess.com"]
[Source "ChessBase"]
[SourceQuality "1"]
[TimeControl "900+10"]

1. Nf3 {[%emt 0:00:00]} d5 {[%emt 0:00:00]} 2. g3 {[%emt 0:00:00]} e6 {[%emt 0:00:00]} 3. Bg2 {[%emt 0:00:00]} Nf6 {[%emt 0:00:00]} 4. O-O {[%emt 0:00:00]} Be7 {[%emt 0:00:00]} 5. d4 {[%emt 0:00:00]} O-O {[%emt 0:00:00]} 6. c4 {[%emt 0:00:01]} b6 {[%emt 0:00:00]} 7. cxd5 {[%emt 0:00:15]} exd5 {[%emt 0:00:00]} 8. Nc3 {[%emt 0:00:03]} Bb7 {[%emt 0:00:00]} 9. b3 {[%emt 0:00:14]} Nbd7 {[%emt 0:00:02]} 10. Bb2 {[%emt 0:00:02]} c5 {[%emt 0:00:04]} 11. Rc1 {[%emt 0:00:15]} Rc8 {[%emt 0:00:06]} 12. Ne5 {[%emt 0:00:19]} cxd4 {[%emt 0:00:34]} 13. Qxd4 {[%emt 0:00:53]} Bc5 {[%emt 0:00:08]} 14. Qf4 {[%emt 0:00:02]} Re8 {[%emt 0:01:05]} 15. Nxd7 {[%emt 0:00:55]} Qxd7 {[%emt 0:00:01]} 16. e3 {[%emt 0:00:53]} Ne4 {[%emt 0:00:32]} 17. Rfd1 {[%emt 0:00:48]} Nxf2 {[%emt 0:00:55]} 18. Rxd5 {[%emt 0:03:02]} Bxd5 {[%emt 0:00:17]} 19. Nxd5 {[%emt 0:00:04]} Nh3+ {[%emt 0:04:43]} 20. Bxh3 {[%emt 0:00:37]} Qxd5 {[%emt 0:00:11]} 21. b4 {[%emt 0:02:30]} Qd2 {[%emt 0:01:32]} 22. bxc5 {[%emt 0:00:18]} Qxb2 {[%emt 0:00:08]} 23. Rf1 {[%emt 0:00:03]} Ra8 {[%emt 0:00:53]} 24. Qxf7+ {[%emt 0:00:28]} Kh8 {[%emt 0:00:00]} 25. Bd7 {[%emt 0:00:38]} Rg8 {[%emt 0:00:03]} 26. c6 {[%emt 0:00:09]} Qc3 {[%emt 0:00:05]} 27. Qf4 {[%emt 0:01:07]} Qc5 {[%emt 0:00:35]} 28. Qd4 {[%emt 0:00:13]} Qc2 {[%emt 0:00:33]} 29. Qd6 {[%emt 0:01:41]} Qe2 {[%emt 0:02:15]} 30. Qe6 {[%emt 0:00:49]} Raf8 {[%emt 0:00:27]} 31. Rf4 {[%emt 0:00:04]} Qd2 {[%emt 0:02:25]} 32. h4 {[%emt 0:02:15]} h6 {[%emt 0:00:59]} 33. Qe7 {[%emt 0:00:25]} Qe1+ {[%emt 0:00:09]} 34. Kg2 {[%emt 0:00:04]} Rxf4 {[%emt 0:00:10]} 35. gxf4 {[%emt 0:00:02]} Qe2+ {[%emt 0:01:44]} 36. Kg3 {[%emt 0:00:03]} Qe1+ {[%emt 0:00:03]} 37. Kf3 {[%emt 0:00:10]} Qh1+ {[%emt 0:00:03]} 38. Kg4 {[%emt 0:01:01]} g6 {[%emt 0:00:19]} 39. Kg3 {[%emt 0:00:32]} Qe1+ {[%emt 0:00:14]} 40. Kf3 {[%emt 0:00:03]} Qd1+ {[%emt 0:00:02]} 41. Kg3 {[%emt 0:00:13]} Qg1+ {[%emt 0:00:05]} 42. Kf3 {[%emt 0:00:01]} Qh1+ {[%emt 0:00:02]} 43. Kg3 {[%emt 0:00:04]} Qg1+ {[%emt 0:00:02]} 44. Kf3 {[%emt 0:00:02]} Qh1+ {[%emt 0:00:05]} 45. Kg3 {[%emt 0:00:06]} Qg1+ {[%emt 0:00:03]} 46. Kf3 {[%emt 0:00:02]} Qh1+ {[%emt 0:00:01]} 47. Kg3 {[%emt 0:00:01]} Qg1+ {[%emt 0:00:01]} 1/2-1/2

[Event "Kupreichik Memorial Rapid 2019"]
[Site "Minsk"]
[Date "2019.08.16"]
[Round "7.22"]
[White "Kalinin, Dmitry"]
[Black "Sadovnikov, Konstantin"]
[Result "1-0"]
[WhiteElo "2119"]
[BlackElo "1798"]
[Annotator "NA"]
[PlyCount "127"]
[EventDate "2019.08.15"]
[EventType "swiss"]
[EventCountry "BLR"]
[SourceTitle "playchess.com"]
[Source "ChessBase"]
[SourceQuality "1"]
[TimeControl "900+10"]

1. d4 {[%emt 0:00:00]} Nf6 {[%emt 0:00:00]} 2. c4 {[%emt 0:00:00]} c5 {[%emt 0:00:00]} 3. dxc5 {[%emt 0:00:41]} e6 {[%emt 0:00:00]} 4. Nf3 {[%emt 0:00:03]} Bxc5 {[%emt 0:00:00]} 5. e3 {[%emt 0:00:01]} Nc6 {[%emt 0:00:01]} 6. Be2 {[%emt 0:00:04]} O-O {[%emt 0:00:02]} 7. O-O {[%emt 0:00:07]} d5 {[%emt 0:00:08]} 8. cxd5 {[%emt 0:00:19]} Qxd5 {[%emt 0:00:33]} 9. Qa4 {[%emt 0:00:53]} Qe4 {[%emt 0:01:26]} 10. Qb5 {[%emt 0:00:40]} Qb4 {[%emt 0:00:25]} 11. Nc3 {[%emt 0:00:01]} a6 {[%emt 0:00:31]} 12. Qd3 {[%emt 0:00:11]} Rd8 {[%emt 0:00:29]} 13. Qc2 {[%emt 0:00:01]} Bd6 {[%emt 0:00:27]} 14. Rd1 {[%emt 0:00:32]} Qb6 {[%emt 0:00:48]} 15. a3 {[%emt 0:00:16]} Qc7 {[%emt 0:00:06]} 16. e4 {[%emt 0:00:57]} Bd7 {[%emt 0:02:13]} 17. Bg5 {[%emt 0:01:52]} Ne5 {[%emt 0:00:58]} 18. g3 {[%emt 0:01:25]} Nxf3+ {[%emt 0:00:54]} 19. Bxf3 {[%emt 0:00:02]} Be7 {[%emt 0:00:15]} 20. Rac1 {[%emt 0:00:37]} Rac8 {[%emt 0:00:07]} 21. Qe2 {[%emt 0:01:01]} Bc6 {[%emt 0:01:16]} 22. Bg2 {[%emt 0:02:44]} h6 {[%emt 0:00:40]} 23. Be3 {[%emt 0:00:31]} Rxd1+ {[%emt 0:00:07]} 24. Qxd1 {[%emt 0:00:34]} Rd8 {[%emt 0:00:42]} 25. Qb3 {[%emt 0:00:20]} Nd7 {[%emt 0:01:23]} 26. Nd5 {[%emt 0:00:12]} Qd6 {[%emt 0:01:34]} 27. Nxe7+ {[%emt 0:02:56]} Qxe7 {[%emt 0:00:05]} 28. h3 {[%emt 0:00:03]} Nf6 {[%emt 0:00:25]} 29. Qc4 {[%emt 0:00:45]} Bb5 {[%emt 0:00:28]} 30. Qc3 {[%emt 0:00:30]} Bc6 {[%emt 0:01:05]} 31. Qe5 {[%emt 0:00:19]} Qd7 {[%emt 0:01:23]} 32. Bxh6 {[%emt 0:00:02]} gxh6 {[%emt 0:01:05]} 33. Qxf6 {[%emt 0:00:01]} Qd2 {[%emt 0:00:05]} 34. Rc2 {[%emt 0:00:02]} Qd1+ {[%emt 0:00:30]} 35. Kh2 {[%emt 0:00:01]} Qxc2 {[%emt 0:00:00]} 36. Qxd8+ {[%emt 0:00:00]} Kg7 {[%emt 0:00:00]} 37. Qd4+ {[%emt 0:00:00]} Kg8 {[%emt 0:00:00]} 38. h4 {[%emt 0:00:00]} Qe2 {[%emt 0:00:00]} 39. b3 {[%emt 0:00:21]} Qc2 {[%emt 0:00:00]} 40. Qe3 {[%emt 0:00:32]} Kg7 {[%emt 0:00:00]} 41. b4 {[%emt 0:00:05]} Qb2 {[%emt 0:00:14]} 42. Bf3 {[%emt 0:00:12]} Qe5 {[%emt 0:00:09]} 43. Kg2 {[%emt 0:00:25]} Bb5 {[%emt 0:00:29]} 44. Qc5 {[%emt 0:00:36]} Qa1 {[%emt 0:00:33]} 45. e5 {[%emt 0:00:25]} Qxa3 {[%emt 0:00:30]} 46. Bxb7 {[%emt 0:00:02]} Qa1 {[%emt 0:00:06]} 47. Qe3 {[%emt 0:00:23]} Qb1 {[%emt 0:00:15]} 48. Qf4 {[%emt 0:00:04]} Qe1 {[%emt 0:00:13]} 49. g4 {[%emt 0:00:30]} Bf1+ {[%emt 0:00:11]} 50. Kh2 {[%emt 0:00:05]} Bd3 {[%emt 0:00:06]} 51. g5 {[%emt 0:00:26]} hxg5 {[%emt 0:00:11]} 52. Qxg5+ {[%emt 0:00:02]} Kf8 {[%emt 0:00:02]} 53. Qf4 {[%emt 0:00:15]} Qf1 {[%emt 0:00:19]} 54. h5 {[%emt 0:00:10]} Bf5 {[%emt 0:00:15]} 55. Bg2 {[%emt 0:00:09]} Qe2 {[%emt 0:00:02]} 56. h6 {[%emt 0:00:14]} Qh5+ {[%emt 0:00:06]} 57. Kg3 {[%emt 0:00:18]} Qg6+ {[%emt 0:00:15]} 58. Kf3 {[%emt 0:00:14]} Qh5+ {[%emt 0:00:12]} 59. Ke3 {[%emt 0:00:19]} Qd1 {[%emt 0:00:01]} 60. Qd4 {[%emt 0:00:10]} Qc1+ {[%emt 0:00:24]} 61. Qd2 {[%emt 0:00:01]} Qc7 {[%emt 0:00:12]} 62. Qd6+ {[%emt 0:00:05]} Qxd6 {[%emt 0:00:00]} 63. exd6 {[%emt 0:00:02]} Ke8 {[%emt 0:00:03]} 64. Be4 1-0

[Event "Kupreichik Memorial Rapid 2019"]
[Site "Minsk"]
[Date "2019.08.16"]
[Round "7.23"]
[White "Talma, Sergei"]
[Black "Zhukovskij, Viktor"]
[Result "1-0"]
[WhiteElo "1882"]
[BlackElo "2028"]
[Annotator "NA"]
[PlyCount "131"]
[EventDate "2019.08.15"]
[EventType "swiss"]
[EventCountry "BLR"]
[SourceTitle "playchess.com"]
[Source "ChessBase"]
[SourceQuality "1"]
[TimeControl "900+10"]

1. d4 {[%emt 0:00:00]} Nf6 {[%emt 0:00:00]} 2. Nc3 {[%emt 0:00:00]} d5 {[%emt 0:00:00]} 3. Bg5 {[%emt 0:00:01]} e6 {[%emt 0:00:44]} 4. e4 {[%emt 0:00:07]} Bb4 {[%emt 0:00:04]} 5. Nge2 {[%emt 0:00:14]} h6 {[%emt 0:01:54]} 6. Bxf6 {[%emt 0:00:19]} Qxf6 {[%emt 0:00:02]} 7. a3 {[%emt 0:01:02]} Bxc3+ {[%emt 0:01:19]} 8. Nxc3 {[%emt 0:00:03]} c6 {[%emt 0:00:46]} 9. e5 {[%emt 0:01:37]} Qe7 {[%emt 0:00:01]} 10. Bd3 {[%emt 0:00:32]} a6 {[%emt 0:00:02]} 11. Ne2 {[%emt 0:00:37]} b6 {[%emt 0:00:41]} 12. O-O {[%emt 0:02:05]} c5 {[%emt 0:00:01]} 13. c3 {[%emt 0:00:16]} Nc6 {[%emt 0:00:01]} 14. Bc2 {[%emt 0:00:42]} Bb7 {[%emt 0:00:19]} 15. f4 {[%emt 0:00:33]} g6 {[%emt 0:00:02]} 16. Qd2 {[%emt 0:01:49]} h5 {[%emt 0:00:08]} 17. b4 {[%emt 0:00:58]} c4 {[%emt 0:04:09]} 18. Kh1 {[%emt 0:00:14]} Qc7 {[%emt 0:00:04]} 19. Ng1 {[%emt 0:00:12]} h4 {[%emt 0:00:10]} 20. Nh3 {[%emt 0:00:32]} Ne7 {[%emt 0:00:04]} 21. a4 {[%emt 0:00:45]} Nf5 {[%emt 0:00:15]} 22. Bxf5 {[%emt 0:02:14]} gxf5 {[%emt 0:00:01]} 23. Ng5 {[%emt 0:00:02]} Qe7 {[%emt 0:00:07]} 24. a5 {[%emt 0:00:33]} b5 {[%emt 0:00:06]} 25. Rf3 {[%emt 0:00:19]} O-O-O {[%emt 0:00:10]} 26. Rh3 {[%emt 0:00:16]} Rh5 {[%emt 0:01:18]} 27. g3 {[%emt 0:01:49]} Rdh8 {[%emt 0:00:11]} 28. Rxh4 {[%emt 0:00:08]} Rxh4 {[%emt 0:00:02]} 29. gxh4 Rxh4 {[%emt 0:00:02]} 30. Qf2 {[%emt 0:00:12]} Rh6 {[%emt 0:01:05]} 31. Rg1 {[%emt 0:00:14]} Bc6 {[%emt 0:00:02]} 32. Rg3 {[%emt 0:00:15]} f6 {[%emt 0:01:16]} 33. exf6 {[%emt 0:00:05]} Qxf6 {[%emt 0:00:14]} 34. Nf3 {[%emt 0:00:30]} Be8 {[%emt 0:00:21]} 35. Qg2 {[%emt 0:00:21]} Bg6 {[%emt 0:02:25]} 36. Ne5 {[%emt 0:00:01]} Bh7 {[%emt 0:00:14]} 37. Rg7 {[%emt 0:00:44]} Kd8 {[%emt 0:01:39]} 38. Nf7+ {[%emt 0:00:40]} Ke8 {[%emt 0:00:07]} 39. Nxh6 {[%emt 0:00:01]} Qxh6 {[%emt 0:00:01]} 40. Qg5 {[%emt 0:00:06]} Qxg5 41. fxg5 {[%emt 0:00:01]} Bg8 {[%emt 0:00:15]} 42. Ra7 {[%emt 0:00:05]} Kf8 {[%emt 0:00:01]} 43. Rxa6 {[%emt 0:00:08]} Kg7 {[%emt 0:00:01]} 44. Rb6 {[%emt 0:00:10]} Kg6 {[%emt 0:00:01]} 45. a6 {[%emt 0:00:01]} Kxg5 {[%emt 0:00:01]} 46. a7 {[%emt 0:00:02]} Bh7 {[%emt 0:00:02]} 47. a8=Q {[%emt 0:00:05]} f4 {[%emt 0:00:01]} 48. Rxe6 {[%emt 0:00:16]} Kg4 {[%emt 0:00:00]} 49. Qxd5 {[%emt 0:00:19]} Bd3 {[%emt 0:00:09]} 50. Re1 {[%emt 0:00:14]} f3 {[%emt 0:00:11]} 51. Kg1 {[%emt 0:00:15]} Kf4 {[%emt 0:00:20]} 52. Kf2 {[%emt 0:00:22]} Be2 {[%emt 0:00:03]} 53. Qe5+ {[%emt 0:00:08]} Kg4 {[%emt 0:00:02]} 54. Rxe2 {[%emt 0:00:05]} fxe2 {[%emt 0:00:03]} 55. Qxe2+ {[%emt 0:00:03]} Kf4 {[%emt 0:00:00]} 56. Qe5+ {[%emt 0:00:04]} Kg4 {[%emt 0:00:02]} 57. Qg3+ {[%emt 0:00:02]} Kf5 {[%emt 0:00:02]} 58. h4 {[%emt 0:00:03]} Ke4 {[%emt 0:00:02]} 59. h5 {[%emt 0:00:07]} Kf5 {[%emt 0:00:01]} 60. h6 {[%emt 0:00:07]} Ke4 {[%emt 0:00:02]} 61. h7 {[%emt 0:00:14]} Kf5 {[%emt 0:00:07]} 62. h8=Q {[%emt 0:00:18]} Ke6 {[%emt 0:00:03]} 63. Qhe5+ {[%emt 0:00:02]} Kd7 {[%emt 0:00:01]} 64. Qgg7+ {[%emt 0:00:02]} Kd8 {[%emt 0:00:03]} 65. Qee7+ {[%emt 0:00:02]} Kc8 {[%emt 0:00:01]} 66. Qc7# 1-0

[Event "Kupreichik Memorial Rapid 2019"]
[Site "Minsk"]
[Date "2019.08.16"]
[Round "7.24"]
[White "Masjuk, Vladimir"]
[Black "Sarbay, Aleksandr"]
[Result "0-1"]
[WhiteElo "1900"]
[BlackElo "2115"]
[Annotator "NA"]
[PlyCount "62"]
[EventDate "2019.08.15"]
[EventType "swiss"]
[EventCountry "BLR"]
[SourceTitle "playchess.com"]
[Source "ChessBase"]
[SourceQuality "1"]
[TimeControl "900+10"]

1. e4 {[%emt 0:00:00]} c5 {[%emt 0:00:00]} 2. c3 {[%emt 0:00:00]} e6 {[%emt 0:00:00]} 3. d4 {[%emt 0:00:00]} d5 {[%emt 0:00:14]} 4. e5 {[%emt 0:00:01]} Nc6 {[%emt 0:00:07]} 5. Nf3 {[%emt 0:00:04]} Qb6 {[%emt 0:00:05]} 6. Be2 {[%emt 0:00:07]} cxd4 {[%emt 0:01:01]} 7. cxd4 {[%emt 0:00:02]} Nge7 {[%emt 0:01:07]} 8. g4 {[%emt 0:01:22]} h5 {[%emt 0:00:43]} 9. gxh5 {[%emt 0:01:19]} Nf5 {[%emt 0:00:13]} 10. Be3 {[%emt 0:01:03]} Qxb2 {[%emt 0:01:24]} 11. Nbd2 {[%emt 0:00:03]} Ncxd4 {[%emt 0:03:16]} 12. Nxd4 {[%emt 0:00:10]} Nxd4 {[%emt 0:00:16]} 13. Qa4+ {[%emt 0:00:45]} Nc6 {[%emt 0:00:12]} 14. O-O {[%emt 0:00:08]} Qxe5 {[%emt 0:00:47]} 15. Rac1 {[%emt 0:00:28]} Bd6 {[%emt 0:02:12]} 16. Nf3 {[%emt 0:00:28]} Qxh5 {[%emt 0:00:03]} 17. Bf4 {[%emt 0:02:23]} Qg4+ {[%emt 0:00:22]} 18. Kh1 {[%emt 0:00:34]} Qxf4 {[%emt 0:00:18]} 19. Qxf4 Bxf4 {[%emt 0:00:01]} 20. Rc2 {[%emt 0:00:51]} e5 {[%emt 0:01:18]} 21. Bb5 {[%emt 0:00:00]} Bd7 {[%emt 0:01:11]} 22. Rd1 {[%emt 0:00:27]} e4 {[%emt 0:00:45]} 23. Bxc6 {[%emt 0:01:16]} bxc6 {[%emt 0:00:24]} 24. Nd4 {[%emt 0:00:05]} Rc8 {[%emt 0:00:28]} 25. f3 {[%emt 0:00:03]} exf3 {[%emt 0:00:27]} 26. Nxf3 {[%emt 0:00:13]} Bf5 {[%emt 0:00:27]} 27. Re2+ {[%emt 0:01:50]} Be4 {[%emt 0:00:06]} 28. Kg1 {[%emt 0:00:04]} Kf8 {[%emt 0:00:21]} 29. Nd4 {[%emt 0:00:04]} c5 {[%emt 0:00:18]} 30. Rf1 {[%emt 0:00:40]} Bxh2+ {[%emt 0:00:40]} 31. Rxh2 {[%emt 0:00:08]} Rxh2 {[%emt 0:00:01]} 0-1